Ensayos y conferencias

محفوظ في:
التفاصيل البيبلوغرافية
المؤلف الرئيسي: Musil, Robert (autor)
التنسيق: كتاب
اللغة:الإسبانية
منشور في: Madrid Visor 1992
سلاسل:La Balsa de la Medusa, 48
الموضوعات:
الوسوم: إضافة وسم
لا توجد وسوم, كن أول من يضع وسما على هذه التسجيلة!

MARC

LEADER 00000cam a2200000 a 4500
001 UCG9114
003 CL-VaPUC
008 120120e19920000SP |||||||||||||||||spa|d
020 |a 847774548X 
082 0 4 |a 832  |b MUS  |2 21 
100 |a Musil, Robert  |e autor  |9 450140 
245 1 0 |a Ensayos y conferencias 
300 |a 433 p 
942 |c BK 
945 |d 20120120 00:00:00  |a dcastane 
260 |a Madrid  |b Visor  |c 1992 
650 0 |a Literatura austríaca   |9 334012 
650 0 |a Ensayos  |9 268724 
583 |a last modification  |c 20120120 10:38:00  |k Rodrigo Vera 
490 0 |a La Balsa de la Medusa, 48 
999 |c 346682  |d 346680 
952 |0 0  |1 0  |4 0  |6 832_000000000000000_MUS_1992  |7 0  |8 A  |9 447484  |a BIBART  |b BIBART  |d 2019-11-22  |i 4806654  |o 832 MUS 1992  |p 4806654  |r 2025-03-13  |w 2019-11-22  |y BK  |k ART